80’s Music Quiz - Statistics

General Stats
  • This quiz has been taken 185 times
  • The average score is 15 of 25
Answer Stats
Hint Answer % Correct
What do girls just want to have? Fun
94%
What did Bonnie Tyler have a total eclipse of? The Heart
91%
What did the Police leave a message in? A Bottle
83%
What killed the radio star? Video
83%
What day of the week do the Bangles sing about? Monday
81%
Who does Whitney want to dance with? Somebody
81%
What was Duran Duran was hungry like? A Wolf
79%
What did Stevie Wonder just call to say? I Love you
79%
What did Robert Palmer say you were addicted to? Love
78%
Where was NWA straight outta? Compton
73%
Who did Madonna ask to not preach? Papa
73%
What is Billie Jean according to MJ? Not my lover
63%
Who did Denise Williams want to hear it for? The Boy
63%
Gina worked on the dinner all day, where does Tommy work? The Docks
57%
Human League met this profession in a cocktail bar Waitress
53%
When did Corey Hart wear his sunglasses? At Night
52%
What did Band Aid wonder do they know? It’s Christmas
51%
Where are the Talking Heads on a road to? Nowhere
51%
Who did John Cougar write a little ditty about? Jack and Diane
46%
According to Loverboy, what is everyone working for? The Weekend
46%
What does Frankie Say? Relax
43%
What did she blind Thomas Dolby with? Science
39%
What’s Jenny’s Number? 867-5309
38%
Public Enemy fought this The Power
29%
Where is LL Cool J going? Back to Cali
7%
No matching quizzes found
Score Distribution
Percent of People with Each Score
Percentile by Number Answered
Your Score History
You have not taken this quiz